Report of the select Committee on Mines and Energy on the Petroleum Agreement between the GOG,GNPC and Kosmos Energy Ghana HC and E.O group in respect of West Cape Three Points Block Offshore Ghana. (Record no. 1804)

MARC details
000 -LEADER
fixed length control field 00687nam a2200145Ia 4500
008 - FIXED-LENGTH DATA ELEMENTS--GENERAL INFORMATION
fixed length control field 240429s9999||||xx |||||||||||||| ||und||
041 ## - LANGUAGE CODE
Language code of text/sound track or separate title eng
082 ## - DEWEY DECIMAL CLASSIFICATION NUMBER
Classification number CR/GOG&KECEO/04
100 ## - MAIN ENTRY--PERSONAL NAME
Personal name Parliament of Ghana
245 #0 - TITLE STATEMENT
Title Report of the select Committee on Mines and Energy on the Petroleum Agreement between the GOG,GNPC and Kosmos Energy Ghana HC and E.O group in respect of West Cape Three Points Block Offshore Ghana.
300 ## - PHYSICAL DESCRIPTION
Extent 6p
650 ## - SUBJECT ADDED ENTRY--TOPICAL TERM
Topical term or geographic name entry element Report of the select Committee on Mines and Energy on the Petroleum Agreement - between the GOG,GNPC and Kosmos Energy Ghana HC and E.O group in - respect of West Cape Three Points Block Offshore Ghana.
942 ## - ADDED ENTRY ELEMENTS (KOHA)
Koha item type Committee Reports
Holdings
Withdrawn status Lost status Damaged status Not for loan Home library Current library Shelving location Date acquired Total checkouts Full call number Date last seen Copy number Price effective from Koha item type
        Main Library Main Library Open Shelves 25/11/2022   CR/G&KECO/04 3599 C1 - CR/G&KECO/04 3600 C2 - CR/G&KECO/04 3601 C3 - CR/G&KECO/04 3602 C4 29/04/2024 1 29/04/2024 Committee Reports
©2026  Parliament of Ghana Library - All rights reserved